La Europa del siglo XIX: 1815-1914
Shranjeno v:
| Glavni avtor: | |
|---|---|
| Format: | Knjiga |
| Jezik: | španščina |
| Izdano: |
Ciudad de México
Fondo de Cultura Económica
1964
|
| Izdaja: | 1a. ed |
| Serija: | Breviarios del Fondo de Cultura Económica, 172
|
| Teme: | |
| Oznake: |
Označite
Brez oznak, prvi označite!
|
MARC
| LEADER | 00000cam a2200000 a 4500 | ||
|---|---|---|---|
| 001 | UCX2679 | ||
| 003 | CL-VaPUC | ||
| 008 | 910722e19640000MX |||||||||||||||||spa|d | ||
| 082 | 0 | 4 | |a 940.28 |b BRU |2 21 |
| 100 | 0 | |a Bruun, Geoffrey |e author |9 318726 | |
| 245 | 1 | 3 | |a La Europa del siglo XIX: 1815-1914 |
| 250 | |a 1a. ed | ||
| 300 | |a 25 p | ||
| 942 | |c BK | ||
| 945 | |d 19910722 00:00:00 | ||
| 260 | |a Ciudad de México |b Fondo de Cultura Económica |c 1964 | ||
| 650 | 0 | |a Civilización |9 255823 | |
| 650 | 7 | |a HISTORIA DE EUROPA SIGLO 19 |2 CL-VaPUC |9 318727 | |
| 651 | 0 | |a Europa |9 255156 | |
| 583 | |a last modification |c 20180403 05:09:52 |k Rodrigo Vera | ||
| 490 | 0 | |a Breviarios del Fondo de Cultura Económica, 172 | |
| 999 | |c 223648 |d 223646 | ||
| 952 | |0 0 |1 0 |4 0 |6 940_280000000000000_BRU_1964 |7 0 |8 A |9 219656 |a BIBHIS |b BIBHIS |d 2019-11-15 |i 2883481 |o 940.28 BRU 1964 |p 2883481 |r 2025-01-20 |w 2019-11-15 |y BK |k HIS | ||
| 952 | |0 0 |1 0 |4 0 |6 940_280000000000000_BRU_1964 |7 0 |8 A |9 219657 |a BIBHIS |b BIBHIS |d 2019-11-15 |i 1382306 |o 940.28 BRU 1964 |p 1382306 |r 2025-01-20 |w 2019-11-15 |y BK |k HIS | ||
| 952 | |0 0 |1 0 |4 0 |6 940_280000000000000_BRU_1964 |7 0 |8 A |9 219658 |a BIBHIS |b BIBHIS |d 2019-11-15 |i 1382314 |o 940.28 BRU 1964 |p 1382314 |r 2025-01-20 |w 2019-11-15 |y BK |k HIS | ||
| 952 | |0 0 |1 0 |4 0 |6 940_280000000000000_BRU_1964 |7 0 |8 A |9 219659 |a BIBHIS |b BIBHIS |d 2019-11-15 |i 1382322 |l 1 |o 940.28 BRU 1964 |p 1382322 |r 2025-01-20 |s 2024-05-20 |w 2019-11-15 |y BK |k HIS | ||
| 952 | |0 0 |1 0 |3 erd |4 0 |6 940_280000000000000_BRU_1964 |7 0 |8 A |9 219660 |a BIBHIS |b BIBHIS |i 5158931 |o 940.28 BRU 1964 |p 5158931 |r 2025-01-20 |w 2019-11-15 |y BK |z Catalogado en:20150409 |k HIS | ||